| 000 | 00707nam a22002417a 4500 | ||
|---|---|---|---|
| 003 | UA-OsUOA | ||
| 001 | 23309 | ||
| 007 | ta | ||
| 008 | 20040117b un ||||| |||| 00| 0 ukr d | ||
| 090 |
_a2(091)(477) _bZ99 |
||
| 942 | _cBK | ||
| 040 |
_aUA-OsUOA _bukr _cUA-OsUOA _dUA-OsUOA |
||
| 245 |
_aІсторія релігій в Україні _bтези повідомлень Міжнародного V круглого столу (Львів, 3-5 травня 1995 року) |
||
| 300 | _a323 с. | ||
| 955 | _a1 | ||
| 041 | _aukr | ||
| 080 | _a2(091)(477) | ||
| 260 |
_aКиїв _c1995 |
||
| 246 | 3 | 1 |
_aЧ. 3 _n |
| 044 | _aUA | ||
| 650 | 7 |
_a2 Релігія. Теологія. _2UDC |
|
| 999 |
_c309554 _d309554 |
||